Blessed Joseph Freinademetz : (Record no. 1450)

MARC details
000 -LEADER
fixed length control field 00520nam a22001577a 4500
003 - CONTROL NUMBER IDENTIFIER
control field OSt
005 - DATE AND TIME OF LATEST TRANSACTION
control field 20240627032212.0
008 - FIXED-LENGTH DATA ELEMENTS--GENERAL INFORMATION
fixed length control field 240627b |||||||| |||| 00| 0 eng d
040 ## - CATALOGING SOURCE
Original cataloging agency DWC- Main Lib
Transcribing agency OC
082 ## - DEWEY DECIMAL CLASSIFICATION NUMBER
Classification number SC 226 P733b 1993
245 ## - TITLE STATEMENT
Title Blessed Joseph Freinademetz :
Remainder of title a bibliographical novel.
260 ## - PUBLICATION, DISTRIBUTION, ETC.
Place of publication, distribution, etc. [place of publication not identified] :
Name of publisher, distributor, etc. Los Publication,
Date of publication, distribution, etc. c1993.
300 ## - PHYSICAL DESCRIPTION
Extent d, 166 pages :
Other physical details illustrations;
Dimensions 22cm.
600 ## - SUBJECT ADDED ENTRY--PERSONAL NAME
Source of heading or term 1. Freinademetz, Joseph– Saint – 1952-1908
942 ## - ADDED ENTRY ELEMENTS (KOHA)
Source of classification or shelving scheme Dewey Decimal Classification
Koha item type Special Collection
Suppress in OPAC Yes
952 ## - LOCATION AND ITEM INFORMATION (KOHA)
--
952 ## - LOCATION AND ITEM INFORMATION (KOHA)
--
952 ## - LOCATION AND ITEM INFORMATION (KOHA)
--
952 ## - LOCATION AND ITEM INFORMATION (KOHA)
--
952 ## - LOCATION AND ITEM INFORMATION (KOHA)
--
952 ## - LOCATION AND ITEM INFORMATION (KOHA)
--
952 ## - LOCATION AND ITEM INFORMATION (KOHA)
--
952 ## - LOCATION AND ITEM INFORMATION (KOHA)
--
952 ## - LOCATION AND ITEM INFORMATION (KOHA)
--
952 ## - LOCATION AND ITEM INFORMATION (KOHA)
--
952 ## - LOCATION AND ITEM INFORMATION (KOHA)
--
952 ## - LOCATION AND ITEM INFORMATION (KOHA)
--
952 ## - LOCATION AND ITEM INFORMATION (KOHA)
--
952 ## - LOCATION AND ITEM INFORMATION (KOHA)
--
952 ## - LOCATION AND ITEM INFORMATION (KOHA)
--
952 ## - LOCATION AND ITEM INFORMATION (KOHA)
--
952 ## - LOCATION AND ITEM INFORMATION (KOHA)
--
952 ## - LOCATION AND ITEM INFORMATION (KOHA)
--
952 ## - LOCATION AND ITEM INFORMATION (KOHA)
--
952 ## - LOCATION AND ITEM INFORMATION (KOHA)
--
952 ## - LOCATION AND ITEM INFORMATION (KOHA)
--
952 ## - LOCATION AND ITEM INFORMATION (KOHA)
--
952 ## - LOCATION AND ITEM INFORMATION (KOHA)
--
952 ## - LOCATION AND ITEM INFORMATION (KOHA)
--
952 ## - LOCATION AND ITEM INFORMATION (KOHA)
--
952 ## - LOCATION AND ITEM INFORMATION (KOHA)
--
952 ## - LOCATION AND ITEM INFORMATION (KOHA)
--
952 ## - LOCATION AND ITEM INFORMATION (KOHA)
--
952 ## - LOCATION AND ITEM INFORMATION (KOHA)
--
952 ## - LOCATION AND ITEM INFORMATION (KOHA)
--
952 ## - LOCATION AND ITEM INFORMATION (KOHA)
--
Holdings
Withdrawn status Lost status Source of classification or shelving scheme Damaged status Not for loan Home library Current library Date acquired Source of acquisition Total Checkouts Full call number Barcode Date last seen Copy number Price effective from Koha item type Uniform Resource Identifier
    Dewey Decimal Classification     College Library College Library 11/20/2019 Donation   SC 226 P733b 1993 52338 06/27/2024 c1 06/27/2024 SC
    Dewey Decimal Classification     College Library College Library 11/20/2019 Donation   SC 226 P733b 1993 52339 06/27/2024 c2 06/27/2024 SC
    Dewey Decimal Classification     College Library College Library 11/20/2019 Donation   SC 226 P733b 1993 52340 06/27/2024 c3 06/27/2024 SC
    Dewey Decimal Classification     College Library College Library 11/20/2019 Donation   SC 226 P733b 1993 52341 06/27/2024 c4 06/27/2024 SC
    Dewey Decimal Classification     College Library College Library 11/20/2019 Donation   SC 226 P733b 1993 52342 06/27/2024 c5 06/27/2024 SC
    Dewey Decimal Classification     College Library College Library 11/20/2019 Donation   SC 226 P733b 1993 52343 06/27/2024 c6 06/27/2024 SC
    Dewey Decimal Classification     College Library College Library 11/20/2019 Donation   SC 226 P733b 1993 52344 06/27/2024 c7 06/27/2024 SC
    Dewey Decimal Classification     College Library College Library 11/20/2019 Donation   SC 226 P733b 1993 52345 06/27/2024 c8 06/27/2024 SC
    Dewey Decimal Classification     College Library College Library 11/20/2019 Donation   SC 226 P733b 1993 52346 06/27/2024 c9 06/27/2024 SC
    Dewey Decimal Classification     College Library College Library 11/20/2019 Donation   SC 226 P733b 1993 52347 06/27/2024 c10 06/27/2024 SC
    Dewey Decimal Classification     College Library College Library 11/20/2019 Donation   SC 226 P733b 1993 52348 06/27/2024 c11 06/27/2024 SC
    Dewey Decimal Classification     College Library College Library 11/20/2019 Donation   SC 226 P733b 1993 52349 06/27/2024 c12 06/27/2024 SC
    Dewey Decimal Classification     College Library College Library 11/20/2019 Donation   SC 226 P733b 1993 52350 06/27/2024 c13 06/27/2024 SC
    Dewey Decimal Classification     College Library College Library 11/20/2019 Donation   SC 226 P733b 1993 52351 06/27/2024 c14 06/27/2024 SC
    Dewey Decimal Classification     College Library College Library 11/20/2019 Donation   SC 226 P733b 1993 52352 06/27/2024 c15 06/27/2024 SC
    Dewey Decimal Classification     College Library College Library 11/20/2019 Donation   SC 226 P733b 1993 52353 06/27/2024 c16 06/27/2024 SC
    Dewey Decimal Classification     College Library College Library 11/20/2019 Donation   SC 226 P733b 1993 52354 06/27/2024 c17 06/27/2024 SC
    Dewey Decimal Classification     College Library College Library 11/20/2019 Donation   SC 226 P733b 1993 52355 06/27/2024 c18 06/27/2024 SC
    Dewey Decimal Classification     College Library College Library 11/20/2019 Donation   SC 226 P733b 1993 52356 06/27/2024 c19 06/27/2024 SC
    Dewey Decimal Classification     College Library College Library 11/20/2019 Donation   SC 226 P733b 1993 52357 06/27/2024 c20 06/27/2024 SC
    Dewey Decimal Classification     College Library College Library 11/20/2019 Donation   SC 226 P733b 1993 52358 06/27/2024 c21 06/27/2024 SC
    Dewey Decimal Classification     College Library College Library 11/20/2019 Donation   SC 226 P733b 1993 52359 06/27/2024 c22 06/27/2024 SC
    Dewey Decimal Classification     College Library College Library 11/20/2019 Donation   SC 226 P733b 1993 52360 06/27/2024 c23 06/27/2024 SC
    Dewey Decimal Classification     College Library College Library 11/20/2019 Donation   SC 226 P733b 1993 52361 06/27/2024 c24 06/27/2024 SC
    Dewey Decimal Classification     College Library College Library 11/20/2019 Donation   SC 226 P733b 1993 52362 06/27/2024 c25 06/27/2024 SC
    Dewey Decimal Classification     College Library College Library 11/20/2019 Donation   SC 226 P733b 1993 52363 06/27/2024 c26 06/27/2024 SC
    Dewey Decimal Classification     College Library College Library 11/20/2019 Donation   SC 226 P733b 1993 52364 06/27/2024 c27 06/27/2024 SC
    Dewey Decimal Classification     College Library College Library 11/20/2019 Donation   SC 226 P733b 1993 52365 06/27/2024 c28 06/27/2024 SC
    Dewey Decimal Classification     College Library College Library 11/20/2019 Donation   SC 226 P733b 1993 52366 06/27/2024 c29 06/27/2024 SC
    Dewey Decimal Classification     College Library College Library 11/20/2019 Donation   SC 226 P733b 1993 52367 06/27/2024 c30 06/27/2024 SC
    Dewey Decimal Classification     College Library College Library 11/20/2019 Donation   SC 226 P733b 1993 52368 06/27/2024 c31 06/27/2024 SC